000 01189nam a2200289 i 4500
001 bg
100 1 _aGarbacz, Andrzej.
245 0 _aNieniszczące badania betonopodobnych kompozytów polimerowych za pomocą fal sprężystych - ocena skuteczności napraw /
_cAndrzej Garbacz.
246 _iTyt. równol. :
_aNondestructive investigations of polymer-concrete composites using stress waves - repair efficiency evaluatoin
260 _aWarszawa :
_bOficyna Wydawnicza Politechniki Warszawskiej,
_c2007.
300 _a208 s. :
_bil. (w tym kolor.) ;
_c24 cm.
490 _aPrace Naukowe / Politechnika Warszawska. Budownictwo,
_x0137-2297 ;
_vz. 147
500 _aOpis wg okł. Tyt. nagł. serii : Prace Naukowe Politechniki Warszawskiej.
504 _aBibliogr. s. 186-205.
546 _aStreszcz. ang.
650 9 _aBadania nieniszczące
_xmetody
650 9 _aKompozyty
_xbadanie
650 9 _aPolimery
_xbadanie
830 0 _aPrace Naukowe - Politechnika Warszawska.
_pBudownictwo,
_x0137-2297 ;
_vz. 147
022 _a01372297
040 _cBPK
041 0 _apol
_beng
044 _aPOL
080 _a678.7:620.1
942 _cKS
008 s pl f |000 0 pol
999 _c55074
_d55074
856 _uhttp://koha.tu.koszalin.pl/cgi-bin/koha/opac-detail.pl?biblionumber=55074
_yKatalog online BPK